00837nam a2200205 a 450000100100000000500170001000800410002704000250006808200150009324500490010826000470015730000180020449000590022250000790028150400660036083000660042604900090049295201130050199900170061400003159720200930063037.0110628s1962 xxu 000 0 spa d aDO-SdBNPbspacBNPHU axxxxbE19t00aEconomic, techinical and related assistance. aWashington :bDepartament of State,c1962. a8 p. ;c23cm.1 aTreaties and other international acts seriesvno. 4936 aAgreement between the United States of America and the Dominican Republic. aIncluye referencias bibliográficas al pie de las páginas. 0aTreaties and other international acts seriesvno. 4936957925 aBNPD 001050718MOaPDbPDcCTd2011-06-28iLF1l0oxxxx E19tp31597-10r2020-06-25w2020-06-25y1ZNo se presta c31089d31089